Эвенкийские народные сказки / (Record no. 441964)
[ view plain ]
| 000 -LEADER | |
|---|---|
| fixed length control field | 00747nam a2200193 a 4500 |
| 003 - CONTROL NUMBER IDENTIFIER | |
| control field | AM-YeHGA |
| 040 ## - CATALOGING SOURCE | |
| Original cataloging agency | AM-YeHGA |
| 090 ## - LOCALLY ASSIGNED LC-TYPE CALL NUMBER (OCLC); LOCAL CALL NUMBER (RLIN) | |
| -- | 444750 |
| 005 - DATE AND TIME OF LATEST TRANSACTION | |
| control field | 20250618075217.0 |
| 008 - FIXED-LENGTH DATA ELEMENTS--GENERAL INFORMATION | |
| fixed length control field | 180405s1960 ru |||||r|||||00||0|rus|| |
| 041 0# - LANGUAGE CODE | |
| Language code of text/sound track or separate title | rus |
| 245 00 - TITLE STATEMENT | |
| Title | Эвенкийские народные сказки / |
| Statement of responsibility, etc. | [Сост., вступ. статья, с. 3-24, и примеч. М. Г. Воскобойникова]. |
| 260 ## - PUBLICATION, DISTRIBUTION, ETC. | |
| Place of publication, distribution, etc. | Якутск : |
| Name of publisher, distributor, etc. | Кн. изд-во, |
| Date of publication, distribution, etc. | 1960. |
| 300 ## - PHYSICAL DESCRIPTION | |
| Extent | 155 с. ; |
| Dimensions | 21 см. |
| 650 14 - SUBJECT ADDED ENTRY--TOPICAL TERM | |
| Topical term or geographic name entry element | Сказки эвенкийские (х. л.) |
| 650 14 - SUBJECT ADDED ENTRY--TOPICAL TERM | |
| Topical term or geographic name entry element | Художественная литература |
| 9 (RLIN) | 4918 |
| 700 1# - ADDED ENTRY--PERSONAL NAME | |
| Personal name | Воскобойников, Михаил Григорьевич |
| Relator term | сост. |
| 942 ## - ADDED ENTRY ELEMENTS (KOHA) | |
| Source of classification or shelving scheme | Universal Decimal Classification |
| Koha item type | Գրքեր / Books |
| Withdrawn status | Lost status | Source of classification or shelving scheme | Damaged status | Not for loan | Collection | Home library | Current library | Date acquired | Total checkouts | Full call number | Barcode | Date last seen | Price effective from | Koha item type | Public note |
|---|---|---|---|---|---|---|---|---|---|---|---|---|---|---|---|
| Universal Decimal Classification | General | Fundamental Scientific Library | Fundamental Scientific Library | 20/11/2019 | PII/25608 | FL0610782 | 20/11/2019 | 20/11/2019 | Գրքեր / Books | 30 Days Loan |
ՀՀ Գիտությունների ազգային ակադեմիայի հիմնարար գիտական գրադարան = Fundamental Scientific Library of NAS RA
All site content, except where otherwise noted, is licensed under a